Statistics for Guess the country from it's picture -easy

Click here to take the quiz!

General Stats

  • This quiz has been taken 35 times
  • The average score is 11 of 12

Answer Stats

Answer% Correct
Egypt
100%
France
100%
India
100%
United States
100%
Australia
93%
Brazil
93%
Russia
93%
China
89%
Mexico
89%
Peru
81%
United Arab Emirates
78%
Germany
74%

Score Distribution

Percentile by Number Answered

Percent of People with Each Score

Your Score History

You have not taken this quiz